Deutsche Hochschulstädte mit mehr als 10000 Studierenden - Statistiken

Allgemein
  • Dieses Quiz wurde 323 mal gespielt
    280 seit der letzten Aktualisierung
  • Das Durchschnittsergebnis liegt bei 47 aus 65
Antwortstatistiken
Anzahl Studierende Stadt % Korrekt
201.000 Berlin
99%
96.000 Hamburg
95%
106.000 Köln
95%
131.000 München
95%
36.500 Kiel
92%
40.000 Leipzig
92%
67.500 Frankfurt
91%
31.500 Bremen
90%
53.500 Dortmund
90%
38.000 Dresden
90%
51.000 Hannover
90%
54.500 Stuttgart
90%
58.500 Düsseldorf
88%
27.500 Nürnberg
88%
62.000 Aachen
87%
33.500 Essen
87%
27.500 Augsburg
83%
32.500 Freiburg
83%
37.500 Mainz
83%
10.500 Erfurt
80%
58.500 Bochum
79%
36.000 Heidelberg
79%
14.500 Rostock
79%
63.000 Münster
78%
27.500 Potsdam
78%
39.500 Bonn
77%
17.000 Magdeburg
77%
28.500 Mannheim
77%
10.000 Chemnitz
76%
22.000 Jena
76%
38.000 Karlsruhe
75%
24.000 Saarbrücken
75%
18.000 Duisburg
73%
29.000 Kassel
73%
39.000 Bielefeld
72%
39.500 Darmstadt
71%
25.000 Osnabrück
71%
14.000 Ulm
71%
14.500 Wiesbaden
71%
19.000 Braunschweig
70%
32.000 Regensburg
70%
14.000 Lübeck
69%
35.000 Göttingen
68%
22.000 Halle
68%
34.000 Würzburg
66%
16.000 Koblenz
65%
28.000 Erlangen
64%
16.500 Trier
64%
18.000 Oldenburg
63%
24.000 Wuppertal
62%
10.000 Flensburg
60%
21.000 Paderborn
60%
12.500 Bamberg
58%
22.500 Marburg
56%
34.500 Gießen
55%
12.000 Passau
55%
28.000 Tübingen
55%
16.500 Kaiserslautern
54%
13.000 Bayreuth
52%
16.000 Konstanz
46%
18.500 Siegen
43%
10.500 Greifswald
40%
12.500 Hildesheim
40%
10.500 Ludwigsburg
26%
11.000 Friedberg
7%
Keine übereinstimmenden Quizze gefunden
Verteilung der Resultate
Anzahl Personen mit jedem Resultat
Perzentil nach korrekt beantworteten Fragen
Ihre Resultats-Entwicklung
Sie haben dieses Quiz seit der letzten Aktualisierung nicht gespielt